[Event "V Open A"]
[Site "Montebelluna ITA"]
[Date "2007.03.10"]
[Round "2"]
[White "Roberti, Ignazio"]
[Black "Vianello, Enrico"]
[Result "0-1"]
[WhiteElo "1933"]
[BlackElo "2150"]
[PlyCount "146"]
[EventDate "2007.03.09"]

1. Nf3 d5 2. b3 Nf6 3. Bb2 Bf5 4. e3 e6 5. Nh4 Bg6 6. Nxg6 hxg6 7. d4 Bd6 8. h3
Nbd7 9. Nd2 Qe7 10. Nf3 Ne4 11. c3 g5 12. Bd3 f5 13. Bxe4 dxe4 14. Nd2 g4 15.
Ke2 gxh3 16. Rxh3 Rxh3 17. gxh3 Qh4 18. Qh1 Qh5+ 19. f3 O-O-O 20. Rg1 g5 21.
Kf2 e5 22. Nc4 Be7 23. Qg2 exd4 24. cxd4 b5 25. Na5 Ne5 26. fxe4 Nd3+ 27. Kg3
Qh4+ 28. Kh2 fxe4 29. Nc6 Bd6+ 30. Ne5 Nxb2 31. Qxb2 Rf8 32. Rg3 Rf5 33. Kg2
Qh8 34. Rg4 Bxe5 35. dxe5 Qxe5 36. Qxe5 Rxe5 37. h4 gxh4 38. Rxh4 Kd7 39. Kg3
Kd6 40. Kf4 Re7 41. Rh6+ Kc5 42. a3 c6 43. Rh5+ Kd6 44. b4 Re6 45. Rg5 a5 46.
Rh5 axb4 47. axb4 Rg6 48. Rf5 Rg1 49. Rf6+ Kd5 50. Rf5+ Kc4 51. Rc5+ Kd3 52.
Rxc6 Rf1+ 53. Ke5 Kxe3 54. Rc5 Rh1 55. Rc3+ Kd2 56. Ra3 e3 57. Ra2+ Kc3 58. Ke4
Kxb4 59. Kxe3 Kb3 60. Ra5 Kb4 61. Ra8 Rd1 62. Ke2 Rd5 63. Ra7 Kb3 64. Rh7 b4
65. Rh4 Kc3 66. Ke1 b3 67. Rh3+ Kc2 68. Rh8 Re5+ 69. Kf2 Rc5 70. Ke3 b2 71.
Rh2+ Kb3 72. Kd4 b1=Q 73. Rh3+ Kb4 0-1

[Event "V Open A"]
[Site "Montebelluna ITA"]
[Date "2007.03.10"]
[Round "2"]
[White "Rombaldoni, Axel"]
[Black "Chiesa, Roberto"]
[Result "1-0"]
[WhiteElo "2218"]
[BlackElo "1656"]
[PlyCount "81"]
[EventDate "2007.03.09"]

1. e4 e6 2. d4 d5 3. Nc3 Bb4 4. e5 c5 5. a3 Bxc3+ 6. bxc3 Ne7 7. Qg4 O-O 8. Bd3
f5 9. exf6 Rxf6 10. Qh5 g6 11. Qg5 Qf8 12. Nf3 Nbc6 13. h4 c4 14. Be2 Rf5 15.
Qg3 h6 16. a4 Qg7 17. Qd6 a5 18. Rb1 Rf8 19. g4 Rd8 20. Qc7 Rd7 21. Qf4 Kh7 22.
Ba3 Rd8 23. Qc7 Nf5 24. Qf4 Nfe7 25. Rb5 Ra6 26. Bc5 Rf8 27. Qc7 Ra8 28. Kd1
Rf7 29. Qh2 e5 30. Nxe5 Nxe5 31. dxe5 Bd7 32. Rb6 Bc6 33. Bd4 Rff8 34. h5 g5
35. e6 Qg8 36. Qe5 Rf4 37. Re1 Re4 38. Qf6 Rxe6 39. Bd3+ cxd3 40. Rxe6 dxc2+
41. Kc1 1-0

[Event "V Open A"]
[Site "Montebelluna ITA"]
[Date "2007.03.10"]
[Round "2"]
[White "Rombaldoni, Denis"]
[Black "Gallo, Enrico"]
[Result "1-0"]
[WhiteElo "2349"]
[BlackElo "2046"]
[PlyCount "41"]
[EventDate "2007.03.09"]

1. d4 d5 2. c4 e6 3. Nf3 Nf6 4. Nc3 Nbd7 5. Bf4 c6 6. e3 Be7 7. Bd3 O-O 8. h3
a6 9. c5 b5 10. b4 a5 11. a3 axb4 12. axb4 Rxa1 13. Qxa1 Nh5 14. Bh2 f5 15. Qa8
f4 16. Qxc6 Nb8 17. Qa8 Na6 18. Bxb5 Nxb4 19. Qa4 e5 20. Qxb4 e4 21. Ne5 1-0

[Event "V Open A"]
[Site "Montebelluna ITA"]
[Date "2007.03.10"]
[Round "2"]
[White "Sottroi, Carlo"]
[Black "Cocuzzi, Edoardo"]
[Result "1-0"]
[WhiteElo "2010"]
[BlackElo "1820"]
[PlyCount "61"]
[EventDate "2007.03.09"]

1. e4 e5 2. Nf3 Nc6 3. Bc4 Bc5 4. c3 d6 5. O-O Bg4 6. Qb3 Bxf3 7. Bxf7+ Kf8 8.
gxf3 Qg5+ 9. Kh1 Qh4 10. Bxg8 Rxg8 11. Qe6 Bxf2 12. Kg2 Bb6 13. f4 exf4 14. d4
g5 15. Nd2 Rg6 16. Qf5+ Kg8 17. Nf3 Qh6 18. Qd5+ Kh8 19. Kh1 g4 20. Bxf4 Qxf4
21. Nh4 Qh6 22. Nxg6+ hxg6 23. Qf7 Rg8 24. Rf4 g3 25. Qf6+ Kh7 26. Rh4 gxh2 27.
Rxh6+ Kxh6 28. Rf1 Kh5 29. Rf2 g5 30. Rxh2+ Kg4 31. Qe6+ 1-0

[Event "V Open A"]
[Site "Montebelluna ITA"]
[Date "2007.03.10"]
[Round "2"]
[White "Stella, Andrea"]
[Black "Genocchio, Daniele"]
[Result "0-1"]
[WhiteElo "2084"]
[BlackElo "2324"]
[PlyCount "116"]
[EventDate "2007.03.09"]

1. d4 c5 2. d5 d6 3. c4 g6 4. Nc3 Bg7 5. e4 a6 6. Bd3 e6 7. Nge2 Ne7 8. a4 O-O
9. O-O Nd7 10. Nf4 e5 11. Nfe2 h6 12. Bd2 f5 13. f3 f4 14. Qb3 a5 15. Nb5 Nf6
16. Nec3 g5 17. Kf2 g4 18. Ke2 Nh7 19. Be1 Ng6 20. Bf2 Rf7 21. Kd2 gxf3 22.
gxf3 Bf8 23. Rg1 Rg7 24. Be2 Ng5 25. Be1 Nh3 26. Rg2 Kh7 27. Nd1 Rf7 28. Bf1
Be7 29. Re2 Ng1 30. Rg2 Nh3 31. Re2 Bh4 32. Bxh3 Bxh3 33. Bf2 Rd7 34. Bg1 Bf1
35. Rf2 Bxf2 36. Nxf2 Bg2 37. Ng4 h5 38. Nxd6 hxg4 39. Nxb7 Rb8 40. Nxd8 Rxb3
41. Ne6 Rxb2+ 42. Kc3 Re2 43. Nxc5 Rf7 44. Ne6 Rb7 45. d6 gxf3 46. c5 f2 47.
Bxf2 Rxf2 48. Rd1 Rd7 49. c6 Rc2+ 50. Kxc2 Bxe4+ 51. Kc3 Bxc6 52. h4 Kg8 53. h5
Nf8 54. Ng5 Kg7 55. Kc4 Kf6 56. Kc5 Bb7 57. Rg1 f3 58. Nh7+ Rxh7 0-1

[Event "V Open A"]
[Site "Montebelluna ITA"]
[Date "2007.03.10"]
[Round "2"]
[White "Weinberg, Emanuele"]
[Black "Pomaro, Alberto"]
[Result "0-1"]
[WhiteElo "1965"]
[BlackElo "2054"]
[PlyCount "98"]
[EventDate "2007.03.09"]

1. d4 Nf6 2. c4 g6 3. Nc3 Bg7 4. e4 d6 5. f3 O-O 6. Be3 e5 7. d5 Nh5 8. Qd2 f5
9. Bd3 f4 10. Bf2 c5 11. Nge2 Na6 12. a3 Bd7 13. Bc2 Rb8 14. Nb5 Bxb5 15. cxb5
Nc7 16. Bd3 a6 17. Nc3 axb5 18. Nxb5 Nxb5 19. Bxb5 Nf6 20. a4 Ne8 21. Bc4 Nc7
22. Qe2 Qd7 23. Bb5 Qe7 24. Bc4 Kh8 25. O-O Bf6 26. Rfb1 Bh4 27. Bxh4 Qxh4 28.
b4 Qe7 29. bxc5 dxc5 30. Rb6 Rf6 31. Rab1 Ne8 32. Qf2 Rxb6 33. Rxb6 Qc7 34. Qb2
Qg7 35. Ba6 Ra8 36. Bb5 Nc7 37. Rxb7 Qe7 38. Bc6 Rc8 39. Rb8 Rxb8 40. Qxb8+ Kg7
41. Qb7 c4 42. Qa7 c3 43. Qa5 Qa3 44. Qxc7+ Kh6 45. Bb5 Qc1+ 46. Bf1 c2 47. Qe7
Qe3+ 48. Kh1 Qf2 49. Qf8+ Kh5 0-1

[Event "V Open A"]
[Site "Montebelluna ITA"]
[Date "2007.03.10"]
[Round "2"]
[White "Xia, Jie"]
[Black "Boullu, Thomas"]
[Result "1-0"]
[WhiteElo "2161"]
[BlackElo "1958"]
[PlyCount "109"]
[EventDate "2007.03.09"]

1. e4 e6 2. d4 d5 3. e5 c5 4. c3 Nc6 5. Nf3 Qb6 6. a3 c4 7. g3 f6 8. h4 fxe5 9.
dxe5 Bc5 10. Qe2 Nge7 11. Bh3 O-O 12. Nbd2 Qc7 13. h5 b5 14. O-O d4 15. cxd4
Nxd4 16. Nxd4 Bxd4 17. Nf3 Rxf3 18. Qxf3 Bb7 19. Qg4 Nf5 20. Bg2 Bxg2 21. Kxg2
Qxe5 22. Rb1 Rf8 23. Bf4 Qd5+ 24. Kh2 Qc5 25. Qe2 e5 26. Bd2 Qc6 27. Bc3 Re8
28. Rbe1 Nd6 29. Qg4 Bxc3 30. bxc3 Nb7 31. Qg5 Qf6 32. Qxf6 gxf6 33. Rb1 a6 34.
a4 Nd6 35. axb5 axb5 36. f3 Kf7 37. Rb4 Ra8 38. Rd1 Ke6 39. Rb2 Ra3 40. Rbd2
Nb7 41. Rd7 Nc5 42. R1d6+ Kf5 43. g4+ Kf4 44. Rxf6+ Ke3 45. Rd5 Nd3 46. Rxb5
Rxc3 47. Kg3 Ra3 48. Rc6 Ra7 49. Rxc4 Rf7 50. Re4+ Kd2 51. Rd5 Kc2 52. Rxd3
Kxd3 53. Rxe5 Kd4 54. Re4+ Kd5 55. Re8 1-0

[Event "V Open A"]
[Site "Montebelluna ITA"]
[Date "2007.03.10"]
[Round "2"]
[White "Zanatta, Federico"]
[Black "Garofalo, Sergio"]
[Result "1-0"]
[WhiteElo "2006"]
[BlackElo "1811"]
[PlyCount "103"]
[EventDate "2007.03.09"]

1. e4 e5 2. Nf3 Nc6 3. Bb5 Bc5 4. c3 Qf6 5. O-O Nge7 6. d3 h6 7. Be3 Bb6 8.
Nbd2 a6 9. Bxb6 cxb6 10. Ba4 b5 11. Bc2 O-O 12. Nb3 d6 13. h3 Ng6 14. d4 Nf4
15. Kh2 h5 16. Ng1 h4 17. g3 Ng6 18. Ne2 Qe6 19. g4 Qf6 20. Qd2 Nf4 21. Nxf4
exf4 22. Qd3 g6 23. Nd2 Qg7 24. Nf3 Bd7 25. Rae1 Na5 26. e5 d5 27. Qd2 Nc4 28.
Qc1 g5 29. Bd3 Rae8 30. b3 Nb6 31. Qc2 Be6 32. a4 bxa4 33. bxa4 Rc8 34. Rb1 Rc6
35. a5 Nc4 36. Bxc4 Rxc4 37. Rxb7 Rfc8 38. Rb3 Ra4 39. Rb8 Rxa5 40. Rxc8+ Bxc8
41. Rb1 Rb5 42. Rxb5 axb5 43. Qb3 Qg6 44. Qxd5 Be6 45. Qd8+ Kg7 46. Qxg5 Qxg5
47. Nxg5 Bd5 48. f3 Kf8 49. Kg2 Ke7 50. Ne4 Ke6 51. Nc5+ Ke7 52. Nd3 1-0

[Event "V Open A"]
[Site "Montebelluna ITA"]
[Date "2007.03.10"]
[Round "3"]
[White "Boullu, Thomas"]
[Black "Cocuzzi, Edoardo"]
[Result "1-0"]
[WhiteElo "1958"]
[BlackElo "1820"]
[PlyCount "137"]
[EventDate "2007.03.09"]

1. e4 e5 2. f4 exf4 3. Bc4 Qh4+ 4. Kf1 Bc5 5. d4 Bb6 6. Nf3 Qe7 7. Nc3 d6 8.
Nd5 Qd8 9. Bxf4 Bg4 10. c3 Nd7 11. Qb3 Bxf3 12. gxf3 Kf8 13. Ke2 Qe8 14. Kd2
Ne7 15. Rhg1 Nc6 16. Qc2 f6 17. Rg2 Qh5 18. Rag1 g6 19. b4 Re8 20. Qd3 Kg7 21.
Be3 Nce5 22. dxe5 Nxe5 23. Qe2 Nxc4+ 24. Qxc4 Qxf3 25. Nxb6 c6 26. Rg3 Qh5 27.
Nd7 Qxh2+ 28. R1g2 Qh5 29. Rg4 Qh3 30. Qd4 Re6 31. Bg5 Kf7 32. Nxf6 h6 33. Rf2
hxg5 34. Nh5+ Ke7 35. Qg7+ Kd8 36. Qxh8+ Kc7 37. Rf7+ Kb6 38. Qd4+ c5 39. bxc5+
dxc5 40. Rxb7+ Ka6 41. Qd3+ Qxd3+ 42. Kxd3 Kxb7 43. Ng3 Re5 44. Nf1 Kb6 45. Ne3
Kb5 46. Nc4 Re6 47. Rxg5 Rf6 48. Ne5 Ra6 49. Nd7 Rxa2 50. Rxc5+ Ka6 51. Rc6+
Kb7 52. Rxg6 Ra1 53. e5 Rd1+ 54. Ke4 Rxd7 55. c4 Rc7 56. Kd5 Rd7+ 57. Rd6 Rh7
58. c5 Rh2 59. Rd7+ Kc8 60. Rxa7 Rh5 61. Kd6 Kb8 62. Rg7 Rh6+ 63. e6 Kc8 64. c6
Kb8 65. c7+ Kc8 66. Rg8+ Kb7 67. c8=Q+ Kb6 68. Qc6+ Ka5 69. Qb7 1-0

[Event "V Open A"]
[Site "Montebelluna ITA"]
[Date "2007.03.10"]
[Round "3"]
[White "Castellano, Alfonso"]
[Black "Chiarion, Elisa"]
[Result "1/2-1/2"]
[WhiteElo "1949"]
[BlackElo "1712"]
[PlyCount "44"]
[EventDate "2007.03.09"]

1. c4 c6 2. g3 d5 3. b3 Bf5 4. Bb2 Nd7 5. Bg2 Ngf6 6. Nf3 h6 7. O-O e6 8. Re1
Be7 9. d3 O-O 10. Nbd2 Bh7 11. e4 Nc5 12. Ne5 Bd6 13. Qe2 Re8 14. f4 Qb6 15.
Bd4 Qc7 16. b4 Ncd7 17. Nxd7 Nxd7 18. c5 Bf8 19. Nf3 a5 20. a3 b6 21. cxb6 Nxb6
22. Qf2 Nd7 1/2-1/2

[Event "V Open A"]
[Site "Montebelluna ITA"]
[Date "2007.03.10"]
[Round "3"]
[White "Chierici, Marianna"]
[Black "Stella, Andrea"]
[Result "0-1"]
[WhiteElo "1946"]
[BlackElo "2084"]
[PlyCount "102"]
[EventDate "2007.03.09"]

1. e4 e6 2. d3 d5 3. Nd2 Nf6 4. g3 Bc5 5. Ngf3 dxe4 6. dxe4 Ng4 7. Nb3 Bxf2+ 8.
Ke2 Qxd1+ 9. Kxd1 Bb6 10. c4 Nd7 11. Kc2 Nf2 12. Rg1 Nxe4 13. Rg2 O-O 14. Bf4
f6 15. Re1 e5 16. Rxe4 exf4 17. gxf4 Nc5 18. Re7 Bf5+ 19. Kc3 Rf7 20. Rxf7 Kxf7
21. Nbd4 Bh3 22. Rg1 Bxf1 23. Rxf1 Ne6 24. Nxe6 Kxe6 25. b4 c6 26. c5 Bc7 27.
Nd4+ Ke7 28. Re1+ Kf7 29. Re4 Re8 30. Rxe8 Kxe8 31. Ne6 Bb8 32. h3 g6 33. Kd3
Ke7 34. f5 gxf5 35. Nd4 f4 36. Ke4 Be5 37. Nf5+ Kd7 38. a4 a6 39. h4 Bc3 40.
Kxf4 Bxb4 41. Ng7 Bxc5 42. Kf5 b5 43. Ne6 Be7 44. Nf4 bxa4 45. Ne2 a3 46. Nc3
Kd6 47. Ke4 f5+ 48. Kxf5 Bxh4 49. Ke4 Bf6 50. Na2 h5 51. Kf5 h4 0-1

[Event "V Open A"]
[Site "Montebelluna ITA"]
[Date "2007.03.10"]
[Round "3"]
[White "Chiesa, Roberto"]
[Black "Lavric, Mihail"]
[Result "0-1"]
[WhiteElo "1656"]
[BlackElo "2020"]
[PlyCount "88"]
[EventDate "2007.03.09"]

1. d4 d5 2. c4 dxc4 3. Nf3 a6 4. e4 b5 5. a4 c6 6. Nc3 Bb7 7. Be2 e6 8. O-O Nf6
9. Bg5 Be7 10. Bxf6 Bxf6 11. e5 Be7 12. Ne4 O-O 13. Qc2 Nd7 14. b3 cxb3 15.
Qxb3 Nb6 16. a5 Nd5 17. Rfc1 Nf4 18. Bf1 Qd5 19. Qe3 Ng6 20. Nc5 Rab8 21. Bd3
Bxc5 22. Rxc5 Qd8 23. g3 Ne7 24. Qe4 g6 25. h4 Nf5 26. Qf4 Qe7 27. Be4 Nxd4 28.
Nxd4 Qxc5 29. Nf3 Qe7 30. h5 c5 31. Ng5 h6 32. Nf3 g5 33. Qe3 Bxe4 34. Qxe4 f5
35. Qc6 Rfe8 36. Qxa6 Qb7 37. Qxb7 Rxb7 38. a6 Ra7 39. Rc1 Rc8 40. Nd4 b4 41.
Nxe6 c4 42. Nd4 c3 43. Nxf5 b3 44. Ne7+ Rxe7 0-1

[Event "V Open A"]
[Site "Montebelluna ITA"]
[Date "2007.03.10"]
[Round "3"]
[White "De Filomeno, Simone"]
[Black "Gagliardi, Christian"]
[Result "0-1"]
[WhiteElo "1969"]
[BlackElo "2112"]
[PlyCount "56"]
[EventDate "2007.03.09"]

1. e4 g6 2. d4 Bg7 3. Nc3 d6 4. f4 a6 5. Nf3 b5 6. Bd3 Bb7 7. O-O Nd7 8. Ne2 c5
9. c3 cxd4 10. cxd4 Qb6 11. Bc2 Ngf6 12. Ng3 h5 13. e5 dxe5 14. fxe5 Ng4 15.
Kh1 h4 16. Ne4 h3 17. g3 f5 18. exf6 Ndxf6 19. Nxf6+ Qxf6 20. Bf4 O-O 21. d5
Rad8 22. Be4 Qxb2 23. Nd2 Nf2+ 24. Rxf2 Qxa1 25. Nb1 Qd4 26. Qxd4 Bxd4 27. Rd2
e5 28. Bxg6 Bxd5+ 0-1

[Event "V Open A"]
[Site "Montebelluna ITA"]
[Date "2007.03.10"]
[Round "3"]
[White "Dussin, Davide"]
[Black "Broli, Carlo"]
[Result "1/2-1/2"]
[WhiteElo "2011"]
[BlackElo "1935"]
[PlyCount "162"]
[EventDate "2007.03.09"]

1. d4 g6 2. c4 d6 3. e4 Bg7 4. Nc3 Nf6 5. Nf3 O-O 6. Be2 c5 7. d5 e6 8. O-O
exd5 9. exd5 Re8 10. Re1 a6 11. h3 h6 12. Bf4 g5 13. Bh2 Bf5 14. Bd3 Rxe1+ 15.
Nxe1 Bxd3 16. Qxd3 Qb6 17. Rb1 Nbd7 18. Nc2 Re8 19. Ne3 Ne5 20. Qf5 Qb4 21. Ne4
Nxe4 22. Qxe4 Qa4 23. a3 Qd7 24. Nf5 Nxc4 25. Nxh6+ Bxh6 26. Qxc4 Qf5 27. Rd1
b5 28. Qf1 Bf8 29. Rd2 c4 30. Qd1 Qe4 31. Kf1 Kg7 32. Rd4 Qe7 33. h4 f6 34.
hxg5 fxg5 35. Rg4 Kh6 36. f4 Qe3 37. fxg5+ Kg6 38. Rg3 Qf4+ 39. Kg1 Qe4 40. Rf3
Qe1+ 41. Qxe1 Rxe1+ 42. Kf2 Re8 43. Bxd6 Bxd6 44. Rf6+ Kxg5 45. Rxd6 Re5 46.
Kf3 Rf5+ 47. Kg3 a5 48. Rd8 b4 49. axb4 axb4 50. d6 Rf7 51. d7 Kf6 52. Rc8 Rxd7
53. Rxc4 Rd3+ 54. Kf4 b3 55. Rb4 Rd2 56. Rxb3 Rxg2 57. Rb6+ Ke7 58. Ke5 Rd2 59.
b4 Kd7 60. Rb5 Kc6 61. Rb8 Kc7 62. Rh8 Kb7 63. Rh6 Rb2 64. Rh4 Rd2 65. Rd4 Rb2
66. Kd5 Kb6 67. Kc4 Rc2+ 68. Kb3 Rc6 69. Rd5 Rg6 70. Kc4 Rg4+ 71. Rd4 Rxd4+ 72.
Kxd4 Kb5 73. Kc3 Kc6 74. Kc4 Kb6 75. Kc3 Kb5 76. Kb3 Kb6 77. Ka4 Ka6 78. b5+
Kb6 79. Kb4 Kb7 80. Kc4 Kb6 81. Kb4 Kb7 1/2-1/2

[Event "V Open A"]
[Site "Montebelluna ITA"]
[Date "2007.03.10"]
[Round "3"]
[White "Efimov, Igor"]
[Black "Luciani, Valerio"]
[Result "1-0"]
[WhiteElo "2416"]
[BlackElo "2241"]
[PlyCount "83"]
[EventDate "2007.03.09"]

1. e4 e6 2. d4 d5 3. Nc3 Bb4 4. e5 c5 5. a3 Bxc3+ 6. bxc3 Ne7 7. Bd3 Qa5 8. Bd2
Qa4 9. Qb1 c4 10. Be2 Nbc6 11. Nh3 Bd7 12. O-O O-O-O 13. Qb2 f6 14. exf6 gxf6
15. Nf4 Rhg8 16. Kh1 Qa5 17. Rfb1 Qc7 18. Bf3 b6 19. Re1 Qd6 20. a4 e5 21. g3
Bf5 22. Ng2 Na5 23. Qb5 Kb7 24. Ne3 Bd7 25. Qb4 Qe6 26. Nxc4 Nxc4 27. Qxc4 e4
28. Qf1 f5 29. Be2 Ng6 30. a5 f4 31. axb6 axb6 32. Ba6+ Kc7 33. c4 e3 34. c5
Nh4 35. cxb6+ Kb8 36. Bb7 Qe4+ 37. f3 Qxf3+ 38. Qxf3 Nxf3 39. Bxd5 Ba4 40. Bxe3
Rxd5 41. Bxf4+ Kb7 42. Re7+ 1-0

[Event "V Open A"]
[Site "Montebelluna ITA"]
[Date "2007.03.10"]
[Round "3"]
[White "Fontana, Enrico"]
[Black "Weinberg, Emanuele"]
[Result "1-0"]
[WhiteElo "2122"]
[BlackElo "1965"]
[PlyCount "73"]
[EventDate "2007.03.09"]

1. d4 Nf6 2. Nc3 d5 3. Bg5 e6 4. e4 dxe4 5. Nxe4 Be7 6. Bxf6 Bxf6 7. Nf3 Be7 8.
Bc4 c6 9. Qe2 Nd7 10. O-O O-O 11. Rad1 Nf6 12. Nxf6+ Bxf6 13. Bb3 a5 14. c4 b6
15. Ne5 Qc7 16. Bc2 g6 17. Rfe1 Bg7 18. Nxc6 Bb7 19. Ne5 Rac8 20. b3 b5 21. c5
Bc6 22. f4 Qb7 23. Be4 Bxe4 24. Qxe4 Qxe4 25. Rxe4 Rfd8 26. Ree1 Bxe5 27. fxe5
Rd5 28. Kf2 f6 29. exf6 Rf5+ 30. Kg3 Kf7 31. Re5 Kxf6 32. Rde1 Rc6 33. Rxf5+
gxf5 34. Kf4 Rc8 35. Re3 b4 36. Rh3 Rc7 37. Rh6+ 1-0

[Event "V Open A"]
[Site "Montebelluna ITA"]
[Date "2007.03.10"]
[Round "3"]
[White "Gallo, Enrico"]
[Black "Giacomelli, Gianni"]
[Result "0-1"]
[WhiteElo "2046"]
[BlackElo "1936"]
[PlyCount "88"]
[EventDate "2007.03.09"]

1. e4 c5 2. Nf3 d6 3. d4 cxd4 4. Nxd4 Nf6 5. Nc3 a6 6. Bc4 e6 7. Bb3 Be7 8. Be3
Nc6 9. Qe2 Na5 10. O-O-O Qc7 11. g4 Nxb3+ 12. axb3 O-O 13. g5 Nd7 14. h4 b5 15.
Kb1 b4 16. Na4 Nc5 17. h5 Bd7 18. Nxc5 dxc5 19. Nf3 Bb5 20. Qe1 a5 21. g6 h6
22. Bxh6 fxg6 23. Qe3 Rxf3 24. Qxf3 gxh6 25. hxg6 Bg5 26. Qg4 Qe5 27. f4 Bxf4
28. Rh5 Bg5 29. Rxg5 hxg5 30. Rh1 Ra7 31. Rh5 Bc6 32. Rxg5 Qxe4 33. Qg3 Rd7 34.
Qb8+ Kg7 35. Rh5 Kxg6 36. Qh8 Rg7 37. Rh4 Qe5 38. Ka2 a4 39. bxa4 Bxa4 40. Qf8
Qf5 41. Qh8 Bxc2 42. Qh6+ Kf7 43. Rf4 Kg8 44. b3 Bb1+ 0-1

[Event "V Open A"]
[Site "Montebelluna ITA"]
[Date "2007.03.10"]
[Round "3"]
[White "Genocchio, Daniele"]
[Black "Baldelli, Alex"]
[Result "1-0"]
[WhiteElo "2324"]
[BlackElo "2049"]
[PlyCount "67"]
[EventDate "2007.03.09"]

1. e4 c5 2. Nf3 e6 3. d3 Nc6 4. g3 g6 5. Bg2 Bg7 6. O-O Nge7 7. c3 d5 8. Nbd2
O-O 9. Re1 b5 10. e5 b4 11. c4 Qc7 12. Qe2 Bb7 13. Nb3 Na5 14. Nxa5 Qxa5 15.
Bg5 Qc7 16. Bf6 Rfd8 17. g4 Rd7 18. a3 Nc6 19. cxd5 Rxd5 20. Rac1 Bxf6 21. exf6
Qd8 22. g5 Rc8 23. h4 Ba6 24. axb4 Bxd3 25. Qe3 Nxb4 26. Ne5 Nc2 27. Rxc2 Bxc2
28. Nxf7 Qd7 29. Nh6+ Kf8 30. Bxd5 exd5 31. f7 Be4 32. f3 Qd6 33. fxe4 d4 34.
Qh3 1-0

[Event "V Open A"]
[Site "Montebelluna ITA"]
[Date "2007.03.10"]
[Round "3"]
[White "Pelosin, Matteo"]
[Black "De Nardi, Riccardo"]
[Result "1/2-1/2"]
[WhiteElo "1860"]
[BlackElo "1968"]
[PlyCount "60"]
[EventDate "2007.03.09"]

1. e4 c5 2. c3 Nf6 3. e5 Nd5 4. Nf3 Nc6 5. d4 cxd4 6. Bc4 Nb6 7. Bb3 e6 8. O-O
d6 9. cxd4 dxe5 10. dxe5 Qxd1 11. Rxd1 Be7 12. Nc3 Nd7 13. Nb5 Rb8 14. Bf4 a6
15. Nd6+ Bxd6 16. Rxd6 h6 17. Rad1 g5 18. Bg3 Nc5 19. Bc2 Ke7 20. a3 a5 21. Nd4
Nxd4 22. R6xd4 b5 23. b4 axb4 24. axb4 Na4 25. f4 Rb7 26. Bf2 Rd7 27. Rxd7+
Bxd7 28. Bxa4 bxa4 29. Bc5+ Ke8 30. fxg5 hxg5 1/2-1/2

[Event "V Open A"]
[Site "Montebelluna ITA"]
[Date "2007.03.10"]
[Round "3"]
[White "Pomaro, Alberto"]
[Black "Mrdja, Milan"]
[Result "0-1"]
[WhiteElo "2054"]
[BlackElo "2397"]
[PlyCount "116"]
[EventDate "2007.03.09"]

1. d4 g6 2. c4 Bg7 3. e4 d6 4. Nc3 Nf6 5. Nf3 O-O 6. Be2 Bg4 7. O-O Bxf3 8.
Bxf3 Nc6 9. d5 Ne5 10. Be2 c6 11. Be3 Qa5 12. f4 Ned7 13. a3 Rfc8 14. b4 Qd8
15. Rc1 a5 16. Qb3 axb4 17. axb4 c5 18. b5 Qa5 19. h3 Qa3 20. Rb1 Nb6 21. Kh1
Nfd7 22. Rfc1 Bd4 23. Bd2 Qxb3 24. Rxb3 Re8 25. Bd3 e6 26. g3 exd5 27. Nxd5
Nxd5 28. exd5 Ra2 29. Re1 Rea8 30. Rd1 Nb6 31. Bc3 Bxc3 32. Rxc3 Na4 33. Rb3
Nb2 34. Rd2 Nxd3 35. Rbxd3 Ra1+ 36. Rd1 Rxd1+ 37. Rxd1 Ra2 38. Kg1 Kg7 39. Re1
Rc2 40. Re4 h5 41. h4 Kf6 42. Kf1 Kf5 43. Re7 Rxc4 44. Rxf7+ Ke4 45. Rxb7 Kxd5
46. Rg7 Rb4 47. Rxg6 Rxb5 48. Ke2 Rb2+ 49. Ke3 Rb3+ 50. Kd2 c4 51. f5 Rf3 52.
f6 Kd4 53. g4 c3+ 54. Kc2 Kc4 55. f7 Rf2+ 56. Kc1 d5 57. Rc6+ Kd3 58. Kb1 hxg4
0-1

[Event "V Open A"]
[Site "Montebelluna ITA"]
[Date "2007.03.10"]
[Round "3"]
[White "Ragonesi, Marcello"]
[Black "Omeri, Silvan"]
[Result "0-1"]
[WhiteElo "2161"]
[BlackElo "2087"]
[PlyCount "66"]
[EventDate "2007.03.09"]

1. Nf3 c5 2. c4 Nc6 3. g3 Nf6 4. Bg2 g6 5. O-O Bg7 6. d4 cxd4 7. Nxd4 O-O 8.
Nc3 Qb6 9. Nc2 d6 10. b3 Bf5 11. Bb2 Bxc2 12. Qxc2 Rac8 13. Qd2 a6 14. h3 Rfd8
15. Rfd1 e6 16. Rac1 Ne5 17. Na4 Qc7 18. Bd4 Ned7 19. Qb2 Ne8 20. Bxg7 Nxg7 21.
Nc3 Ne5 22. Ne4 f5 23. Nc3 Qb6 24. e3 Nxc4 25. Qe2 Ne5 26. Qd2 d5 27. Ne2 Qd6
28. Qa5 Nh5 29. Nd4 Nf6 30. Bf1 h5 31. h4 Neg4 32. Be2 Nxf2 33. Rxc8 Qxg3+ 0-1

[Event "V Open A"]
[Site "Montebelluna ITA"]
[Date "2007.03.10"]
[Round "3"]
[White "Roberti, Ignazio"]
[Black "Boscolo, Marco"]
[Result "1/2-1/2"]
[WhiteElo "1933"]
[BlackElo "2033"]
[PlyCount "29"]
[EventDate "2007.03.09"]

1. e4 e6 2. d4 d5 3. Nd2 Be7 4. e5 c5 5. c3 Nc6 6. Ndf3 Qb6 7. Bd3 Bd7 8. Ne2
Rc8 9. O-O Nh6 10. a3 cxd4 11. Nexd4 Nf5 12. Bxf5 exf5 13. Re1 Be6 14. Qd3 Nxd4
15. Nxd4 1/2-1/2

[Event "V Open A"]
[Site "Montebelluna ITA"]
[Date "2007.03.10"]
[Round "3"]
[White "Torelli, Mirco"]
[Black "Xia, Jie"]
[Result "0-1"]
[WhiteElo "2008"]
[BlackElo "2161"]
[PlyCount "118"]
[EventDate "2007.03.09"]

1. d4 Nf6 2. c4 g6 3. Nc3 Bg7 4. e4 d6 5. Be2 O-O 6. Nf3 e5 7. O-O Nc6 8. d5
Ne7 9. Ne1 Ne8 10. Nd3 f5 11. f4 b6 12. Bf3 Rb8 13. Bd2 Kh8 14. Kh1 fxe4 15.
Bxe4 Nf6 16. Bf3 Nd7 17. fxe5 dxe5 18. Bg5 h6 19. Bxe7 Qxe7 20. Nb5 Nc5 21.
Nxa7 Bd7 22. Nb4 Qh4 23. Qe1 Qxc4 24. Rc1 Qf4 25. Be2 Qg5 26. Nac6 Rbe8 27.
Rxf8+ Rxf8 28. Nd3 Bxc6 29. dxc6 Ne6 30. Bf3 Qf6 31. h3 Ng5 32. Be4 Nxe4 33.
Qxe4 Qf5 34. Re1 Kh7 35. b4 Qxe4 36. Rxe4 Rd8 37. Ne1 g5 38. a4 Kg6 39. g4 Kf6
40. a5 bxa5 41. bxa5 Ra8 42. Ra4 Ra6 43. Nd3 Bf8 44. Nb4 Bxb4 45. Rxb4 Rxc6 46.
Kg2 Ke6 47. Rb8 Ra6 48. Rc8 Kd6 49. Rh8 Kd5 50. Kf3 c5 51. Rd8+ Rd6 52. Ra8 Kd4
53. a6 Kd3 54. a7 e4+ 55. Kf2 e3+ 56. Kf1 Rd7 57. Rc8 Rxa7 58. Rxc5 e2+ 59. Kf2
Rf7+ 0-1

[Event "V Open A"]
[Site "Montebelluna ITA"]
[Date "2007.03.10"]
[Round "3"]
[White "Vianello, Enrico"]
[Black "Rombaldoni, Denis"]
[Result "1/2-1/2"]
[WhiteElo "2150"]
[BlackElo "2349"]
[PlyCount "103"]
[EventDate "2007.03.09"]

1. d4 e6 2. Nf3 Nf6 3. Bg5 h6 4. Bxf6 Qxf6 5. e3 b6 6. Nbd2 Bb7 7. Bd3 c5 8. c3
cxd4 9. cxd4 Bb4 10. O-O O-O 11. a3 Bxd2 12. Nxd2 Nc6 13. Rc1 Qe7 14. Qe2 Rab8
15. Rc3 f5 16. b4 Rbc8 17. Rfc1 Qd6 18. Ba6 Qb8 19. Nf3 Qa8 20. Qd3 Ne7 21.
Bxb7 Qxb7 22. Qb1 Rxc3 23. Rxc3 Nd5 24. Rc2 Rc8 25. Qc1 Rxc2 26. Qxc2 d6 27. h3
Qc7 28. Qxc7 Nxc7 29. Ne1 Kf7 30. Kf1 e5 31. dxe5 dxe5 32. Ke2 Nb5 33. Nc2 Ke6
34. f4 g5 35. fxe5 Kxe5 36. Kd3 f4 37. a4 Nd6 38. Nd4 fxe3 39. Nc6+ Kf4 40.
Nxa7 Nc4 41. Ke2 Kg3 42. Nc6 Kxg2 43. a5 bxa5 44. bxa5 Nxa5 45. Nxa5 Kxh3 46.
Nc4 g4 47. Nxe3 h5 48. Kf2 Kh4 49. Ng2+ Kh3 50. Nf4+ Kh4 51. Nxh5 Kxh5 52. Kg3
1/2-1/2

[Event "V Open A"]
[Site "Montebelluna ITA"]
[Date "2007.03.10"]
[Round "3"]
[White "Zanatta, Federico"]
[Black "Brun, Dario"]
[Result "1-0"]
[WhiteElo "2006"]
[BlackElo "2128"]
[PlyCount "88"]
[EventDate "2007.03.09"]

1. e4 e5 2. Nf3 Nc6 3. Bc4 Nf6 4. Ng5 Bc5 5. Bxf7+ Ke7 6. Bd5 Rf8 7. O-O d6 8.
h3 Qe8 9. Bxc6 bxc6 10. d3 Qg6 11. Kh2 h6 12. Nf3 Qh5 13. d4 exd4 14. b4 Bb6
15. Nbd2 Ba6 16. a4 Bxf1 17. Qxf1 Ng4+ 18. Kg1 Ne3 19. Qd3 Qg6 20. Ne1 a5 21.
fxe3 dxe3 22. Ndf3 Rf4 23. Bxe3 d5 24. Bxb6 cxb6 25. exd5 Qf6 26. dxc6 Rxf3 27.
Nxf3 Qxa1+ 28. Kh2 Qf6 29. Qd7+ Kf8 30. c7 Qf4+ 31. Kh1 Qc1+ 32. Ng1 Qxc2 33.
Qd8+ Kf7 34. Qxa8 Qxc7 35. bxa5 bxa5 36. Qe4 Qb6 37. Nf3 Kg8 38. Ne5 Qf6 39.
Nc6 Qc3 40. Ne5 Qc1+ 41. Kh2 Qc7 42. Qf5 Kh8 43. Qf4 Kh7 44. Qe4+ 44... g6 {...
} 1-0